| 000 | 00796cam a22002535a 4500 | ||
|---|---|---|---|
| 005 | 20201128024043.0 | ||
| 008 | 161206t2014 si a frd 001 0 eng d | ||
| 020 | _a9781259011221 | ||
| 020 | _a1259011224 | ||
| 040 |
_aEG-ScBUE _beng _cEG-ScBUE _dEG-ScBUE |
||
| 082 | 0 | 4 |
_222 _a620.106 _bCEN |
| 100 | 1 |
_95175 _aÇengel, Yunus A. |
|
| 245 | 1 | 0 |
_aFluid mechanics : _bfundamentals and applications / _cYunus A. Çengel, John M. Cimbala. |
| 250 | _a3rd ed., SI units. | ||
| 260 |
_aSingapore : _bMcGraw-Hill Education, _cc.2014. |
||
| 300 |
_axxiv, 986 p. : _bill. ; _c28 cm. |
||
| 500 | _aGlossary : p. 957-969. | ||
| 500 | _aIndex : p. [971]-986. | ||
| 650 | 7 |
_2BUEsh _9878 _aFluid dynamics. |
|
| 651 | _2BUEsh | ||
| 653 |
_bENGGEN _cDecember2016 |
||
| 700 | 1 | _aCimbala, John M. | |
| 942 | _2ddc | ||
| 999 |
_c23469 _d23441 |
||